00603nam a2200145Ia 4500008004100000020001800041050001400059100003500073245008400108260004100192300001100233650010500244952009100349999001700440120626s9999 xx 000 0 und d a968-6341-04-8 aHC134 R67 aROSENZWEIG HERNANDEZ, Fernando aEl desarrollo económico de México1800-1910 / Fernando Rosenweig Hernández aMéxico: El Colegio Mexiquense-ITAM a262 p. a1.MEXICO - - CONDICIONES SOCIALES - - SIGLO XIX 2.MEXICO - - CONDICIONES ECONOMICAS - - SIGLO XIXÌ 00104070a09b09d2009-03-09l0oHC134 R67p09 002771r2012-06-26t1w2012-06-26yLB c64289d64289